[Event "28th Avoine Open"]
[Site "Avoine FRA"]
[Date "2013.07.27"]
[Round "8.26"]
[White "Naudion,G"]
[Black "Sally,P"]
[Result "1-0"]
[WhiteElo "2211"]
[BlackElo "2034"]

1.e4 e6 2.d4 d5 3.Nd2 Be7 4.Ngf3 dxe4 5.Nxe4 Nd7 6.c3 Ngf6 7.Nxf6+ Bxf6 8.Bd3 O-O
9.O-O e5 10.dxe5 Nxe5 11.Nxe5 Bxe5 12.Bxh7+ Kxh7 13.Qh5+ Kg8 14.Qxe5 Re8
15.Qg3 c5 16.Bg5 Qb6 17.Rad1 Bf5 18.Rd6 Qxb2 19.Bh6 Bg6 20.f4 Red8 21.Rxd8+ Rxd8
22.f5 gxh6 23.fxg6  1-0

[Event "12th World U16 Ol"]
[Site "Chongqing CHN"]
[Date "2013.07.27"]
[Round "7"]
[White "Karthikeyan,M2"]
[Black "Kantor,G"]
[Result "1/2-1/2"]
[WhiteElo "2443"]
[BlackElo "2371"]

1.e4 e6 2.d4 d5 3.Nd2 Be7 4.Bd3 c5 5.dxc5 Nf6 6.exd5 Qxd5 7.Ngf3 Nbd7 8.Nb3 Nxc5
9.Nxc5 Qxc5 10.O-O O-O 11.a3 b6 12.b4 Qc7 13.Bb2 Bb7 14.Ne5 a5 15.b5 Rad8
16.Re1 Bc5 17.Qe2 Bd4 18.Bxd4 Rxd4 19.Rad1 Rfd8 20.Qe3 Be4 21.Nc4 Bxd3 22.cxd3 Qc5
23.a4 Nd5 24.Qe5 Rf4 25.Rf1 Rf5 26.Qb2 Nf4 27.Ne3 Rg5 28.Rc1 Qd6 29.g3 Nxd3
30.Rfd1 Rd5 31.Qc2 Nxc1 32.Nxd5 exd5 33.Rxc1 d4 34.Qd3 g6 35.h4 Qe5 36.Kg2 Kg7
37.Kg1 h5 38.Kg2 Rd6 39.Rd1 Qd5+ 40.Qf3 d3 41.Qxd5 Rxd5 42.Kf3 Rd4 43.Ra1 d2
44.Ke2 Kf6 45.Kd1 Kf5 46.Ra3 Kg4 47.Rc3 Rxa4 48.Rc6 Ra2 49.Rxb6 Rb2 50.Rf6 Rxb5
51.Rxf7 Rd5 52.Rf6 a4 53.Rxg6+ Kf3 54.Rf6+ Kg2 55.Ra6 Rd4 56.Ra5 Kxf2 57.Rxh5 Kxg3
58.Rh8 a3 59.Ra8 Kxh4 60.Rxa3  1/2-1/2

[Event "Sparkassen Open A 2013"]
[Site "Dortmund GER"]
[Date "2013.07.27"]
[Round "1.15"]
[White "Ciornei,D"]
[Black "Nepveu,M"]
[Result "1/2-1/2"]
[WhiteElo "2205"]
[BlackElo "1955"]

1.e4 e6 2.d4 d5 3.Nd2 Nc6 4.Ngf3 Nf6 5.e5 Nd7 6.c3 f6 7.Bb5 fxe5 8.dxe5 Be7
9.O-O O-O 10.Re1 Qe8 11.Nf1 Nc5 12.Ne3 a6 13.Bf1 h6 14.b4 Nd7 15.Bd3 Rxf3
16.Qxf3 Ndxe5 17.Qe2 Nxd3 18.Qxd3 Bf6 19.Bd2 Ne5 20.Qe2 Nc4 21.Ng4 Qf7 22.Nxf6+ Qxf6
23.f4 Bd7 24.Rac1 Rf8 25.g3 Re8 26.Qf2 Bb5 27.Be3 Qf5 28.Bd4 Bd7 29.Be5 Rc8
30.Qc5 Nb2 31.Qe7 Qf7 32.Qxf7+ Kxf7 33.Re2 Nc4 34.Rce1 g6 35.g4 Nd6 36.Kf2 Ne4+
37.Ke3 Bb5 38.Rg2 c5 39.bxc5 Rxc5 40.Bd4 Rc4 41.f5 exf5 42.gxf5 g5 43.h4 Nd6
44.hxg5 Nxf5+ 45.Kf4 Nxd4 46.cxd4 hxg5+ 47.Ke5 Rc7 48.Kf5 Bd3+ 49.Kxg5 Be4
50.Rf2+ Ke6 51.Rf6+ Kd7 52.Kf4 Rc2 53.Rg1 Rf2+ 54.Ke5 Rxf6 55.Kxf6 Kc6 56.Ke5 Kb5
57.Rg7 Kb6 58.a3 a5 59.Kd6  1/2-1/2

[Event "15th TCh-Eur Senior"]
[Site "Dresden GER"]
[Date "2013.07.27"]
[Round "8"]
[White "Boehm,Er"]
[Black "Van Herck,M"]
[Result "1-0"]
[WhiteElo "2221"]
[BlackElo "2104"]

1.e4 e6 2.d4 d5 3.Nd2 Be7 4.c3 dxe4 5.Nxe4 Nf6 6.Bd3 Nxe4 7.Bxe4 c5 8.Be3 Nd7
9.dxc5 Bxc5 10.Bxc5 Nxc5 11.Qxd8+ Kxd8 12.O-O-O+ Ke7 13.Bf3 Bd7 14.Ne2 Rac8
15.Nd4 e5 16.Rhe1 f6 17.Bd5 Rhd8 18.f4 Bg4 19.Nf3 Be6 20.Bxe6 Kxe6 21.Nd4+ Kf7
22.fxe5 Ne6 23.Nf5 Rxd1+ 24.Rxd1 Rc5 25.Nd6+ Ke7 26.exf6+ gxf6 27.Nxb7 Rh5
28.h3 Nf4 29.g3 Ne2+ 30.Kc2 Nxg3 31.Rd3 Rxh3 32.Re3+ Kf7 33.Nd6+ Kg6 34.b4 Rh2+
35.Kb3 Nf5 36.Nxf5 Kxf5 37.Re7 h5 38.Rxa7 h4 39.b5 Rh1 40.Kb2 h3 41.Rh7 Kg4
42.b6 Re1 43.a4 f5 44.b7 Re8 45.a5 f4 46.a6 f3 47.a7  1-0

[Event "31st Andorra Open"]
[Site "La Massana AND"]
[Date "2013.07.27"]
[Round "8.19"]
[White "Trent,L"]
[Black "Silva Rodriguez,J"]
[Result "1-0"]
[WhiteElo "2420"]
[BlackElo "2198"]

1.e4 e6 2.d4 d5 3.Nd2 Be7 4.Ngf3 Nf6 5.Bd3 c5 6.c3 cxd4 7.cxd4 dxe4 8.Nxe4 Bd7
9.O-O Bc6 10.Nc3 Nbd7 11.Qe2 O-O 12.Ne5 Nb6 13.Rd1 Nbd5 14.Bb1 Rc8 15.Qd3 Nxc3
16.bxc3 Be4 17.Qh3 Qa5 18.Bd2 Rfd8 19.Qe3 Qd5 20.f3 Bxb1 21.Rdxb1 b5 22.a4 b4
23.cxb4 Qxd4 24.Qxd4 Rxd4 25.Be3 Rxb4 26.Bxa7 Ra8 27.Nc6 Rxb1+ 28.Rxb1 Bd6
29.Rb7 h6 30.a5 Rc8 31.Ne7+ Bxe7 32.Rxe7 Kf8 33.Rb7 Rc1+ 34.Kf2 Nd5 35.Bd4 Rc2+
36.Kg3 Ra2 37.Rb8+ Ke7 38.Bxg7 Rxa5 39.Rb7+ Ke8 40.Bxh6 Ne7 41.Bc1 Nf5+ 42.Kh3 Ra4
43.Bg5 Nd6 44.Re7+ Kf8 45.Rd7 Nb5 46.Bf6 Kg8 47.Kg3 Kh7 48.Rxf7+ Kg6 49.Rf8 Nd6
50.Kh3 Rf4 51.Be7 Nf5 52.Bd8 Rd4 53.Bf6 Rf4 54.g3 Rxf3 55.Be5 Re3 56.Rf6+ Kg5
57.Rxe6 Kh5 58.Kg2 Ng7 59.Rh6+  1-0

[Event "31st Andorra Open"]
[Site "La Massana AND"]
[Date "2013.07.27"]
[Round "8.7"]
[White "Felgaer,R"]
[Black "Riff,JN"]
[Result "1-0"]
[WhiteElo "2586"]
[BlackElo "2427"]

1.e4 e6 2.d4 d5 3.Nd2 Be7 4.Ngf3 Nf6 5.Bd3 c5 6.exd5 Nxd5 7.O-O cxd4 8.Nxd4 Nf6
9.N2f3 O-O 10.Qe2 Bd7 11.Rd1 Qc7 12.c4 Be8 13.Bg5 Nc6 14.Nb5 Qb6 15.a3 a6
16.Nc3 Rd8 17.b4 Qc7 18.Rac1 Nd4 19.Nxd4 Rxd4 20.Bxf6 Bxf6 21.Bxh7+ Kxh7
22.Rxd4 Bxd4 23.Qe4+ Kg8 24.Qxd4 Bc6 25.Rd1 Qe7 26.b5  1-0

[Event "DSK GM Open 2013"]
[Site "Cape Town RSA"]
[Date "2013.07.28"]
[Round "8.2"]
[White "Tiviakov,S"]
[Black "Haznedaroglu,K"]
[Result "1-0"]
[WhiteElo "2654"]
[BlackElo "2417"]

1.e4 e6 2.d4 d5 3.Nd2 a6 4.Bd3 c5 5.dxc5 Bxc5 6.exd5 exd5 7.Nb3 Bb6 8.Nf3 Qe7+
9.Qe2 Bg4 10.Qxe7+ Nxe7 11.Nfd4 Nbc6 12.h3 Bh5 13.Be3 Ne5 14.Nf5 Nxd3+ 15.cxd3 Nxf5
16.Bxb6 Bg6 17.g4 Ne7 18.Kd2 O-O 19.f4 f6 20.Bc5 Rfe8 21.Bxe7 Rxe7 22.Rhe1 Kf8
23.Nc5 b6 24.Ne6+ Kg8 25.Rac1 d4 26.b3 h5 27.f5 Bf7 28.Nxd4 Rd7 29.Ne6 hxg4
30.hxg4 Rd6 31.Re3 a5 32.Rc4 b5 33.Rd4 Rxd4 34.Nxd4 b4 35.Ne6 a4 36.Re4 axb3
37.axb3 Ra6 38.Rxb4 Bxe6 39.fxe6 Rxe6 40.Rb8+ Kh7 41.b4 Kh6 42.Rb5  1-0

[Event "Sparkassen Open A 2013"]
[Site "Dortmund GER"]
[Date "2013.07.28"]
[Round "2.34"]
[White "Scheck,Kyrill"]
[Black "Rolf,Marco"]
[Result "1-0"]
[WhiteElo "2070"]
[BlackElo "1932"]

1.e4 e6 2.d4 d5 3.Nd2 Be7 4.Bd3 c5 5.dxc5 Nd7 6.exd5 exd5 7.Nb3 Nxc5 8.Nxc5 Qa5+
9.c3 Qxc5 10.Be3 Qd6 11.Nf3 Nf6 12.h3 Be6 13.Nd4 a6 14.Nf5 Bxf5 15.Bxf5 Qe5
16.Qd4 b5 17.Qf4 Bd6 18.Qxe5+ Bxe5 19.O-O-O O-O 20.g4 g6 21.Bc2 Rfd8 22.Rhe1 Bc7
23.Bg5 Kg7 24.f3 h6 25.Be3 Rab8 26.Bd4 Bb6 27.Be5 Rbc8 28.h4 Bc7 29.g5 Bxe5
30.Rxe5 hxg5 31.hxg5 Nh5 32.Rdxd5 Rxd5 33.Rxd5 Re8 34.Rd7 Re3 35.Be4 Nf4
36.Rd6 Re1+ 37.Kc2 Nh3 38.Rxa6 Re2+ 39.Kb3 Nxg5 40.Bd3 Re3 41.Bxb5 Nxf3 42.Rd6 g5
43.Bd7 Ne5 44.a4 g4 45.a5 g3 46.Bh3 Nd3 47.Rd4 Kf8 48.Bf1 Nc5+ 49.Kb4 Na6+
50.Bxa6 g2 51.Rd1 f5 52.Rg1 Rg3 53.Bb7 f4 54.Rxg2  1-0

[Event "Politiken Cup 2013"]
[Site "Helsingor DEN"]
[Date "2013.07.28"]
[Round "2.72"]
[White "Henninger,Holger"]
[Black "Percivaldi,Martin"]
[Result "0-1"]
[WhiteElo "1759"]
[BlackElo "2178"]

1.e4 e6 2.d4 d5 3.Nd2 Nc6 4.c3 e5 5.exd5 Qxd5 6.dxe5 Nxe5 7.Ngf3 Bg4 8.Be2 O-O-O
9.O-O Be6 10.Qc2 Nf6 11.Nxe5 Qxe5 12.Nf3 Qf5 13.Qa4 Bc5 14.Nd4 Bxd4 15.cxd4 Kb8
16.Be3 Bd5 17.Bc4 Qe4 18.Bxd5 Nxd5 19.Rae1 Qg6 20.Re2 f5 21.f4 Rhe8 22.Rf3 c6
23.b4 Nc3 24.Qc2 Nxe2+ 25.Qxe2 Qe6 26.Kf2 Qd5 27.Qb2 g6 28.a4 Re4 29.b5 cxb5
30.axb5 Rc8 31.b6 axb6 32.Qxb6 Qa2+ 33.Kg3 Qd5 34.Bf2 Re6 35.Qb4 Rec6 36.Re3 Rc4
37.Qe7 Rc3 38.Qe5+ Qxe5 39.fxe5 Rxe3+ 40.Bxe3 Rc3 41.Kf2 Kc7 42.d5 Rd3 43.d6+ Kd7
44.h3 Rd5 45.Bf4 b5 46.Ke2 b4  0-1

[Event "Politiken Cup 2013"]
[Site "Helsingor DEN"]
[Date "2013.07.28"]
[Round "3.94"]
[White "Martinez Vestergard,Kristian"]
[Black "Hyldkrog,L"]
[Result "1/2-1/2"]
[WhiteElo "1809"]
[BlackElo "2009"]

1.e4 e6 2.d4 d5 3.Nd2 Be7 4.c3 Nf6 5.e5 Nfd7 6.Bd3 c5 7.Qg4 O-O 8.Ndf3 f5
9.Qg3 Nc6 10.Ne2 Rf7 11.h4 cxd4 12.cxd4 Nf8 13.h5 Nb4 14.Bb1 Bd7 15.a3 Nc6
16.b4 b5 17.O-O a5 18.bxa5 Nxa5 19.Bd3 Nb3 20.Rb1 Nxc1 21.Rfxc1 Bxa3 22.Re1 b4
23.Nf4 Rc8 24.Ng5 Re7 25.h6 Kh8 26.Qh4 g6 27.g4 Be8 28.gxf5 exf5 29.e6 Kg8
30.Qg3 Rc6 31.Re5 Rd6 32.Bxf5 Rc7 33.Rbe1 Qf6 34.e7 Nd7 35.Be6+ Rxe6 36.Ngxe6 Rc3
37.Qg4 Nxe5 38.Rxe5 Qxe7 39.Ng7 Bd7 40.Qe2 Qh4 41.Ng2 Qxh6 42.Ne8 Rc1+ 43.Ne1 Qf4
44.Re7 Qg5+ 45.Kh2 Qh4+ 46.Kg1 Qg5+ 47.Kh2 Qf4+ 48.Kg1 Qg5+  1/2-1/2

[Event "31st Andorra Open"]
[Site "La Massana AND"]
[Date "2013.07.28"]
[Round "9.10"]
[White "Lopez Martinez,Josep"]
[Black "Swan,I"]
[Result "1-0"]
[WhiteElo "2547"]
[BlackElo "2251"]

1.e4 e6 2.d4 d5 3.Nd2 Be7 4.Ngf3 Nf6 5.e5 Nfd7 6.c3 c5 7.Bd3 Nc6 8.O-O g5
9.dxc5 g4 10.Nd4 Ndxe5 11.N2b3 Nxd3 12.Qxd3 h5 13.Re1 Bd7 14.Bf4 b6 15.Nxc6 Bxc6
16.Nd4 Qd7 17.Nxe6 fxe6 18.Qg6+ Kd8 19.Rxe6 Rc8 20.Rxe7 Qxe7 21.Bg5  1-0

[Event "9th Tabor Open 2013"]
[Site "Tabor CZE"]
[Date "2013.07.28"]
[Round "1.21"]
[White "Skorepa,Jakub"]
[Black "Zapletal,Jindrich"]
[Result "1-0"]
[WhiteElo "1755"]
[BlackElo "2154"]

1.e4 e6 2.d4 d5 3.Nd2 Be7 4.c3 c5 5.Ngf3 Nf6 6.exd5 Qxd5 7.Bc4 Qd6 8.Nb3 cxd4
9.Nbxd4 a6 10.O-O e5 11.Nb3 Qc7 12.Qe2 b5 13.Bd3 Nc6 14.Re1 O-O 15.Bg5 Bb7
16.Qc2 h6 17.Bh4 Rfe8 18.Nbd2 Nd5 19.Bg3 Bc5 20.Re2 Nf4 21.Bxf4 exf4 22.Ne4 Bb6
23.Rae1 Red8 24.a4 bxa4 25.Bc4 Na5 26.Neg5 hxg5 27.Nxg5 Bf3 28.Nxf7  1-0

[Event "Dutch Open 2013"]
[Site "Dieren NED"]
[Date "2013.07.29"]
[Round "6.10"]
[White "Zakhartsov,Vl"]
[Black "Maatman,Nick"]
[Result "1-0"]
[WhiteElo "2324"]
[BlackElo "2207"]

1.e4 e6 2.d4 d5 3.Nd2 Be7 4.Bd3 c5 5.dxc5 Nf6 6.Qe2 O-O 7.Ngf3 a5 8.O-O Na6
9.exd5 Nxd5 10.Bxa6 Rxa6 11.Ne4 Qc7 12.c4 Nf6 13.Bg5 Nxe4 14.Bxe7 Nc3 15.Qe3 Qxe7
16.Qxc3 Qxc5 17.Rfd1 f6 18.a3 a4 19.Qb4 Qh5 20.Rd2 e5 21.Rad1 Qf7 22.Rd8 Be6
23.Rxf8+ Qxf8 24.Qxb7 Bxc4 25.Qc7  1-0

[Event "9th Tabor Open 2013"]
[Site "Tabor CZE"]
[Date "2013.07.29"]
[Round "3.18"]
[White "Miesbauer,Jan"]
[Black "Wimmer,Mi"]
[Result "1/2-1/2"]
[WhiteElo "1923"]
[BlackElo "2127"]

1.e4 e6 2.d4 d5 3.Nd2 Be7 4.Ngf3 Nf6 5.e5 Nfd7 6.Bd3 c5 7.c3 b6 8.Qe2 a5
9.O-O Ba6 10.c4 O-O 11.cxd5 Bxd3 12.Qxd3 exd5 13.dxc5 Nxc5 14.Qe2 Nc6 15.b3 Ne6
16.Bb2 Bc5 17.g3 Re8 18.Rad1 Qe7 19.Rfe1 Rad8 20.Kh1 Nb4 21.Nh4 Nxa2 22.f4 Nxf4
23.Qf3 Ne6 24.Nf5 Qf8 25.Rf1 Nb4 26.Qg4 g6 27.Nf3 Nc2 28.Bc1 h5 29.Qh3 gxf5
30.Qxh5 Ne3 31.Nh4 Ng7 32.Qg5 Nxd1 33.Nxf5 Nf2+ 34.Rxf2 Bxf2 35.Nh6+ Kh7
36.Qh4 Qb4 37.Ng4+ Kg8  1/2-1/2

[Event "100th ch-GBR 2013"]
[Site "Torquay ENG"]
[Date "2013.07.30"]
[Round "2.15"]
[White "Homer,S"]
[Black "Ward,C"]
[Result "0-1"]
[WhiteElo "2165"]
[BlackElo "2432"]

1.e4 e6 2.d4 d5 3.Nd2 Be7 4.Ngf3 Nf6 5.e5 Nfd7 6.Bd3 c5 7.c3 Nc6 8.O-O a5
9.a4 cxd4 10.cxd4 Nb4 11.Bb5 O-O 12.Ra3 Nb6 13.Ne1 f5 14.Rh3 Rf7 15.f4 Bd7
16.Rff3 g6 17.Bxd7 Qxd7 18.b3 Rc8 19.Bb2 Na8 20.Qe2 Rff8 21.Rfg3 Rf7 22.Nb1 Nc7
23.Rc3 Rb8 24.Na3 b5 25.axb5 Nxb5 26.Nxb5 Rxb5 27.Rc8+ Qxc8 28.Qxb5 Qa6 29.Qe8+ Bf8
30.Kf2 Re7 31.Qd8 Nc6 32.Qd6 Re8 33.Qd7 Re7 34.Qd6 Qc8 35.Qc5 Rc7 36.Qb6 Qb7
37.Qxb7 Rxb7 38.Rc3 Nxd4 39.Rc8 Nb5 40.Ra8 Nc7 41.Rxa5 Rxb3 42.Bd4 Bb4 43.Ra7 Nb5
44.Ra8+ Kf7 45.Ba1 Ra3 46.Rxa3 Bxe1+ 47.Kxe1 Nxa3 48.Kd2 Ke8 49.Bd4 Kd7 50.Bc5 Nc4+
51.Kc3 Kc6 52.Bf2 Kb5 53.Bd4 Nb6 54.Kb3 Na4 55.Be3 Nc5+ 56.Kc3 Ne4+ 57.Kb3 h6
58.g3 g5 59.fxg5 hxg5 60.Bc1 g4 61.Be3 Nc5+ 62.Kc3 Nd7 63.Bd4 Nb8 64.Kd3 Nc6
65.Ba1 Kc5  0-1

[Event "Politiken Cup 2013"]
[Site "Helsingor DEN"]
[Date "2013.07.31"]
[Round "6.137"]
[White "Henninger,Holger"]
[Black "Fredericia,Ellen"]
[Result "1-0"]
[WhiteElo "1759"]
[BlackElo "1544"]

1.e4 e6 2.d4 d5 3.Nd2 Be7 4.e5 c5 5.c3 Nc6 6.Ne2 cxd4 7.cxd4 Qb6 8.Nb3 a5
9.Be3 a4 10.Nc5 Bxc5 11.dxc5 Qxb2 12.f4 Qb4+ 13.Qd2 Qxd2+ 14.Kxd2 Nge7 15.g4 f6
16.exf6 gxf6 17.Nd4 Kf7 18.Nb5 Ra5 19.Nd6+ Kg7 20.Rb1 d4 21.Bf2 Rxc5 22.Nxb7 Rd5
23.Bc4 Rd7 24.Nc5 Ra7 25.Nxe6+ Bxe6 26.Bxe6 Rd8 27.Rhg1 Rc7 28.a3 Rd6 29.f5 Ng6
30.g5 Nge5 31.gxf6+ Kh6 32.Rg3 Kh5 33.Rbg1 Nd8 34.Rh3+  1-0

[Event "114th US Open"]
[Site "Middleton USA"]
[Date "2013.07.31"]
[Round "3"]
[White "Manchanda,Sameer"]
[Black "Holt,C"]
[Result "0-1"]
[WhiteElo "1983"]
[BlackElo "2530"]

1.e4 e6 2.d4 d5 3.Nd2 Be7 4.Ngf3 Nf6 5.e5 Nfd7 6.Bd3 c5 7.c3 Nc6 8.O-O g5
9.dxc5 g4 10.Nd4 Ncxe5 11.Bb5 a6 12.Bxd7+ Bxd7 13.b4 a5 14.f4 gxf3 15.N2xf3 Ng6
16.Qe2 Bf6 17.Nf5 O-O 18.Nh6+ Kh8 19.Nd4 axb4 20.Qf2 Bg7 21.Nxf7+ Rxf7 22.Qxf7 bxc3
23.Be3 e5 24.Qxd5 exd4 25.Bxd4 Bc6 26.Bxg7+ Kxg7 27.Qc4 Qd2 28.Rf7+ Kh6 29.Rf2 Qe3
30.Rd1 Re8 31.Rd3 Re4 32.Qxc3 Qe1+ 33.Rf1 Qxc3 34.Rxc3 Nf4 35.Rc2 Kg5 36.Rb1 Re5
37.Rb3 Ba4 38.Rg3+ Kh6 39.Rc4 Ne2+ 40.Kf2 Nxg3 41.Kxg3 Bc6 42.Kf2 Rf5+ 43.Kg1 Rd5
44.Rc2 Ba4 45.Rc4 Rd1+ 46.Kf2 Rd2+  0-1

[Event "114th US Open"]
[Site "Middleton USA"]
[Date "2013.07.31"]
[Round "5"]
[White "Langer,M USA"]
[Black "Sadorra,J"]
[Result "0-1"]
[WhiteElo "2217"]
[BlackElo "2572"]

1.e4 e6 2.d4 d5 3.Nd2 Nc6 4.Ngf3 Nf6 5.e5 Nd7 6.Bd3 Nb4 7.Be2 c5 8.c3 Nc6
9.Nb3 cxd4 10.cxd4 f6 11.exf6 Nxf6 12.O-O Bd6 13.Bg5 O-O 14.Bh4 Kh8 15.Rc1 Bf4
16.Rb1 Qd6 17.Bg3 Ne4 18.Bxf4 Rxf4 19.Nc1 Bd7 20.Nd3 Rf6 21.Nde5 Raf8 22.Qd3 Be8
23.Qe3 Ne7 24.Qb3 Nc6 25.Qe3 Bh5 26.a3 Ne7 27.Rbd1 b6 28.h3 h6 29.Bd3 Bxf3
30.Nxf3 Rxf3 31.gxf3 Nf5 32.Qe1 Nh4 33.Be2 Rxf3 34.Rc1 Qf4 35.Rc8+ Kh7 36.Qc1 Rg3+  0-1

[Event "100th ch-GBR 2013"]
[Site "Torquay ENG"]
[Date "2013.07.31"]
[Round "3.30"]
[White "De Coverly,R"]
[Black "Tavares,S"]
[Result "1-0"]
[WhiteElo "2036"]
[BlackElo "2178"]

1.e4 e6 2.d4 d5 3.Nd2 Nc6 4.Ngf3 Nf6 5.e5 Nd7 6.c3 f6 7.Bb5 a5 8.Qe2 Na7
9.Bd3 c5 10.O-O cxd4 11.cxd4 Nc6 12.Bb5 fxe5 13.Nxe5 Ndxe5 14.Qxe5 Bd7 15.Bxc6 bxc6
16.Nf3 Qf6 17.Bg5 Qxe5 18.Nxe5 Bd6 19.f4 c5 20.dxc5 Bxc5+ 21.Kh1 Bb5 22.Rfc1 Rc8
23.f5 O-O 24.fxe6 h6 25.Bd2 Bd4 26.Rxc8 Rxc8 27.Nf3 Bxb2 28.Rb1 Rc2 29.Bxa5 Bc4
30.Re1 Be2 31.e7 Kf7 32.Bd2 Bb5 33.Bb4 Bf6 34.a3 d4 35.h3 g5 36.Ne5+ Ke8
37.Ng4 Bg7 38.Re6 Kf7 39.e8=Q+ Bxe8 40.Re7+ Kg6 41.Rxe8 Kf5 42.Re7 h5 43.Rxg7 hxg4
44.hxg4+ Kf4 45.Kh2 Rc8 46.Rd7 Ke3 47.Kg3 d3 48.Rd5 Rg8 49.Be7 d2 50.Bb4  1-0

[Event "Biel MTO 2013"]
[Site "Biel SUI"]
[Date "2013.08.01"]
[Round "10.15"]
[White "Antipov,M2"]
[Black "Schoorl,R"]
[Result "1-0"]
[WhiteElo "2490"]
[BlackElo "2340"]

1.e4 e6 2.d4 d5 3.Nd2 Be7 4.Ngf3 Nf6 5.e5 Nfd7 6.c3 c5 7.Bd3 Nc6 8.O-O g5
9.dxc5 Nxc5 10.Bc2 Nd7 11.Re1 g4 12.Nd4 Ndxe5 13.Nxc6 Nxc6 14.c4 h5 15.cxd5 Qxd5
16.Be4 Qd4 17.Qe2 O-O 18.Nb3 Qg7 19.Bf4 Bg5 20.Bxg5 Qxg5 21.Rad1 a5 22.Bb1 a4
23.Qc2 Qg7 24.Nc5 a3 25.b3 Nb4 26.Qd2 Nd5 27.Be4 Nc3 28.Rc1 Nxe4 29.Nxe4 b6
30.Qf4 Ra5 31.Nf6+ Kh8 32.Re5 Rd8 33.Rxa5 bxa5 34.Qe5 Qg6 35.Nxg4+ Kh7 36.Nf6+ Kh6
37.h4 Qf5 38.Qe3+ Kg6 39.Ne4 Bb7 40.Ng3 Qd5 41.f3 Qd2 42.Nf1 Qxe3+ 43.Nxe3 Rd3
44.Nc4 Kf6 45.Nxa5 Bd5 46.Rc2 Rd4 47.Kf2 Rxh4 48.Nc6 e5 49.Rd2 Be6 50.Re2 Rh1
51.Nxe5 Rb1 52.Nd3 Bf5 53.Ke3 Kg5 54.Ne5 Rb2 55.Nc4 Rxe2+ 56.Kxe2 Bb1 57.Nxa3 Bxa2
58.b4 Kf4 59.Kf2 h4 60.Nb5 Ke5 61.Ke3 Bc4 62.Nc3 Bf1 63.Kf2 Bd3 64.b5 Kd6
65.Kg1 Kc5 66.Kh2 f5 67.Kh3 Bf1 68.f4 Kd4 69.b6 Ba6 70.Ne2+ Ke3 71.Kxh4 Kxe2
72.g4 fxg4  1-0

[Event "Sparkassen Open A 2013"]
[Site "Dortmund GER"]
[Date "2013.08.01"]
[Round "6.33"]
[White "Zimmermann,Dir"]
[Black "Rolf,Marco"]
[Result "1-0"]
[WhiteElo "2050"]
[BlackElo "1932"]

1.e4 e6 2.d4 d5 3.Nd2 Be7 4.Ngf3 Nf6 5.e5 Nfd7 6.Bd3 c5 7.c3 Nc6 8.O-O cxd4
9.cxd4 a5 10.b3 b6 11.Re1 Ba6 12.Bxa6 Rxa6 13.Nf1 b5 14.a4 bxa4 15.Rxa4 Nb4
16.Bd2 Nb6 17.Ra1 Qd7 18.Qe2 Ra8 19.Rec1 O-O 20.Ne3 a4 21.bxa4 Rxa4 22.Rxa4 Nxa4
23.h4 Ra8 24.Rb1 Na6 25.Qd3 Qc7 26.Ng5 Bxg5 27.hxg5 Kh8 28.g3 Nb6 29.Ba5  1-0

[Event "9th Tabor Open 2013"]
[Site "Tabor CZE"]
[Date "2013.08.01"]
[Round "6.14"]
[White "Skorepa,Tomas"]
[Black "Johansson,Th2"]
[Result "0-1"]
[WhiteElo "1688"]
[BlackElo "2152"]

1.e4 e6 2.d4 d5 3.Nd2 a6 4.Ngf3 c5 5.exd5 exd5 6.dxc5 Bxc5 7.Nb3 Bb6 8.Bg5 Nf6
9.Be2 O-O 10.O-O Re8 11.Re1 Bxf2+ 12.Kxf2 Ne4+ 13.Kg1 Nxg5 14.Nxg5 Qxg5 15.Bf3 Rxe1+
16.Qxe1 Be6 17.Nc5 Qe7 18.Qe3 Nc6 19.Bxd5 Bxd5  0-1

[Event "9th Ribeira Valley Open 2013"]
[Site "Registro BRA"]
[Date "2013.08.02"]
[Round "8.15"]
[White "Britez,G"]
[Black "Cruz,Will"]
[Result "0-1"]
[WhiteElo "1887"]
[BlackElo "2170"]

1.e4 e6 2.d4 d5 3.Nd2 Be7 4.e5 c5 5.c3 Nc6 6.Ndf3 Bd7 7.Bd3 cxd4 8.cxd4 Nb4
9.Bb1 Bb5 10.Ne2 Rc8 11.O-O Rxc1 12.Nxc1 Bxf1 13.Qxf1 Qb6 14.Nd3 Nc6 15.Qc1 Nh6
16.Nc5 Nxd4 17.Nxd4 Bxc5 18.Nb3 Bxf2+ 19.Kf1 Bh4 20.Qf4 Qb5+ 21.Kg1 Be7 22.g4 Qc4
23.Qxc4 dxc4 24.Nd2 Nxg4 25.Nxc4 O-O 26.Be4 b5 27.h3 Bc5+ 28.Kg2 Nf2 29.Nd2 Rd8
30.Rc1 Rxd2 31.Kf3 Nxe4 32.Kxe4 Bb6  0-1

[Event "100th ch-GBR 2013"]
[Site "Torquay ENG"]
[Date "2013.08.02"]
[Round "5.9"]
[White "Lane,G"]
[Black "Mackle,Dominic"]
[Result "0-1"]
[WhiteElo "2401"]
[BlackElo "2216"]

1.e4 e6 2.d4 d5 3.Nd2 Nc6 4.Ngf3 Nf6 5.e5 Nd7 6.Be2 Be7 7.Nf1 O-O 8.Ne3 f6
9.exf6 Nxf6 10.O-O Bd6 11.c4 b6 12.b3 Bb7 13.Bb2 Bf4 14.Rc1 Ne4 15.a3 Ne7
16.Rc2 Bxe3 17.fxe3 Nf5 18.Bc1 dxc4 19.Bxc4 Bd5 20.Ne5 Qg5 21.Qg4 Qxg4 22.Nxg4 c5
23.dxc5 bxc5 24.Rf4 Nfd6 25.Ne5 g5 26.Rxf8+ Rxf8 27.Bb2 Bxc4 28.Nxc4 Nf5
29.g3 Rb8 30.Kg2 Rxb3 31.Kf3 Ned6 32.Nxd6 Nxd6 33.Be5 Nf5 34.Rxc5 Nxe3 35.Ke4 Rxa3
36.Rc8+ Kf7 37.Rc7+ Kg6 38.Rg7+ Kh6 39.Re7 Ng4 40.Bd4 e5 41.Bxa7 Nxh2 42.Bf2 Ng4
43.Be1 Kg6 44.Re6+ Kh5 45.Bb4 Rxg3 46.Ra6 Re3+ 47.Kf5 Rf3+  0-1

[Event "9th Ribeira Valley Open 2013"]
[Site "Registro BRA"]
[Date "2013.08.03"]
[Round "9.14"]
[White "Chaves,Joa"]
[Black "Daneri,M"]
[Result "0-1"]
[WhiteElo "2025"]
[BlackElo "2135"]

1.e4 e6 2.d4 d5 3.Nd2 Nc6 4.c3 e5 5.dxe5 dxe4 6.Bb5 Qd5 7.Qe2 Bf5 8.Qc4 O-O-O
9.Qxd5 Rxd5 10.Bxc6 bxc6 11.Nc4 Ne7 12.Bf4 Ng6 13.Bg3 Bc5 14.Ne2 Rhd8 15.Nf4 Nxe5
16.Nxd5 Nd3+ 17.Ke2 cxd5 18.Ne5 Nxb2 19.h3 Na4 20.Rac1 Ba3 21.Nxf7 Rf8 22.Ne5 Bxc1
23.Rxc1 c5 24.Kd2 Rf6 25.Rb1 e3+  0-1

[Event "XXII TCh-MKD 2013"]
[Site "Struga MKD"]
[Date "2013.08.03"]
[Round "6.5"]
[White "Petkovski,V"]
[Black "Jacimovic,D"]
[Result "0-1"]
[WhiteElo "2143"]
[BlackElo "2429"]

1.e4 e6 2.d4 d5 3.Nd2 Be7 4.Ngf3 Nf6 5.e5 Nfd7 6.Be2 c5 7.c3 Nc6 8.O-O O-O
9.Re1 cxd4 10.cxd4 f6 11.exf6 Nxf6 12.Nf1 Bd6 13.Ng3 Qb6 14.b3 Ng4 15.Rf1 Bd7
16.Bb2 Rac8 17.Bd3 g6 18.a3 Rf6 19.b4 Rcf8 20.b5 Na5 21.Qe2 Rf4 22.h3 Nf6
23.Bc1 Rxf3 24.gxf3 Nb3 25.Rb1 Nxc1 26.Rbxc1 Qxd4 27.Kg2 Qh4 28.Rc3 d4  0-1

[Event "100th ch-GBR 2013"]
[Site "Torquay ENG"]
[Date "2013.08.03"]
[Round "6.13"]
[White "Emms,J"]
[Black "Brown,Mart"]
[Result "1/2-1/2"]
[WhiteElo "2469"]
[BlackElo "2203"]

1.e4 e6 2.d4 d5 3.Nd2 Be7 4.c3 c5 5.dxc5 Bxc5 6.Bd3 Nf6 7.Qe2 Nc6 8.Ngf3 Bb6
9.O-O O-O 10.e5 Nd7 11.Nb3 f6 12.exf6 Nxf6 13.Nbd4 Qd6 14.Nxc6 bxc6 15.Qe5 Qe7
16.Bf4 Nd7 17.Qd6 Bc5 18.Qxe7 Bxe7 19.Bg3 Bf6 20.Rfe1 Re8 21.Nd4 Nc5 22.Bc2 Bd7
23.Be5 Nb7 24.f4 Nd8 25.Nf3 Nf7 26.Bd4 a5 27.b3 c5 28.Be5 a4 29.Rad1 axb3
30.axb3 Bc6 31.Ra1 Nxe5 32.Nxe5 Bxe5 33.fxe5 Rf8 34.Reb1 h6 35.b4 cxb4 36.cxb4 Bb5
37.Ra5 Rab8 38.Ra7 Bc4 39.h3 d4 40.Rd7 Bd5 41.b5 Rfc8 42.Bg6 Rc3 43.Kh2 d3
44.Rb2 Rc2 45.Rxc2 dxc2 46.Bxc2 Rxb5 47.Bg6 Rb8 48.Kg3 Kf8 49.Rf7+ Kg8 50.Rc7 Kf8
51.Rf7+ Kg8 52.Rc7 Kf8 53.Kf2 Rb2+ 54.Rc2 Rxc2+ 55.Bxc2 g5 56.g3 Kf7 57.Ke3 Bg2
58.h4 gxh4 59.gxh4 Bd5 60.Kd4 Ba2 61.Kc5 Ke7 62.Ba4 Bd5 63.Bb5 Bb3 64.Bd3  1/2-1/2

[Event "HZ Open 2013"]
[Site "Vlissingen NED"]
[Date "2013.08.03"]
[Round "1.32"]
[White "Meissner,F"]
[Black "Wise,M"]
[Result "1-0"]
[WhiteElo "2295"]
[BlackElo "1851"]

1.e4 e6 2.d4 d5 3.Nd2 Nc6 4.Ngf3 Nf6 5.e5 Nd7 6.c3 f6 7.Bb5 a5 8.O-O Na7
9.Bd3 Be7 10.exf6 Nxf6 11.Re1 O-O 12.Ng5 Qd6 13.Qe2 Bd8 14.Ndf3 h6 15.Nh3 Ng4
16.Ne5 Nxe5 17.dxe5 Qe7 18.Qg4 Qh4 19.Qg6 Rf7 20.Be3 b6 21.Qh7+ Kf8 22.Bg6 Ba6
23.Nf4  1-0

[Event "7th Wasselonne Open"]
[Site "Wasselonne FRA"]
[Date "2013.08.03"]
[Round "6.1"]
[White "Chernov,Va"]
[Black "Riff,JN"]
[Result "1/2-1/2"]
[WhiteElo "2450"]
[BlackElo "2427"]

1.e4 e6 2.d4 d5 3.Nd2 Be7 4.Ngf3 Nf6 5.e5 Nfd7 6.c3 c5 7.Bd3 Nc6 8.O-O a5
9.Re1 cxd4 10.cxd4 g5 11.h3 h5 12.Nf1 g4 13.hxg4 hxg4 14.N3h2  1/2-1/2

[Event "17th Godesberg Open"]
[Site "Bonn GER"]
[Date "2013.08.04"]
[Round "2.18"]
[White "Bitsch,Heinz"]
[Black "Eigemann,Frederik"]
[Result "1/2-1/2"]
[WhiteElo "1878"]
[BlackElo "2016"]

1.e4 e6 2.d4 d5 3.Nd2 Be7 4.e5 c5 5.c3 Nc6 6.Bb5 Qb6 7.Bxc6+ bxc6 8.Ne2 cxd4
9.cxd4 c5 10.O-O cxd4 11.Qa4+ Bd7 12.Qxd4 Bb5 13.Qg4 g6 14.Nb3 h5 15.Qf3 Rc8
16.Be3 Qa6 17.Nbd4 Bxe2 18.Qxe2 Qxe2 19.Nxe2 Rc2 20.Nc3 a6 21.Na4 d4 22.Bc1 f6
23.f4 Nh6 24.Rf2 Rxf2 25.Kxf2 fxe5 26.fxe5 Ng4+ 27.Kg3 Nxe5 28.Bd2 h4+ 29.Kf4 Rh5
30.Ke4 Nc6 31.Rc1 Kd7 32.Nb6+ Kc7 33.Nc4 Kb7 34.Bf4 Rd5 35.Ne5 Nd8 36.Nxg6 Bf6
37.Ne5 Rb5 38.Nd7 e5  1/2-1/2

[Event "Politiken Cup 2013"]
[Site "Helsingor DEN"]
[Date "2013.08.04"]
[Round "10.28"]
[White "Mikkelsen,N"]
[Black "Percivaldi,Martin"]
[Result "1/2-1/2"]
[WhiteElo "2418"]
[BlackElo "2178"]

1.e4 e6 2.d4 d5 3.Nd2 Nc6 4.Ngf3 Nf6 5.e5 Nd7 6.Be2 f6 7.exf6 Qxf6 8.Nf1 Bd6
9.Ne3 O-O 10.Ng4 Qf5 11.h3 e5 12.Ne3 Qf7 13.dxe5 Ndxe5 14.Qxd5 Be6 15.Qe4 Nxf3+
16.Bxf3 Ne5 17.Bd2 Nxf3+ 18.gxf3 Rae8 19.O-O-O Qxf3 20.Qa4 Be5 21.Ng4 Bf4
22.Nf6+ gxf6 23.Bxf4 b5 24.Qd4 Rd8 25.Rdg1+ Kf7 26.Qe3 Qxe3+ 27.fxe3 c6 28.Bc7 Rc8
29.Bd6 Rg8 30.Re1 Rg2 31.Ref1 Bd5 32.Be5 f5 33.Rh2 Rcg8 34.Rf2 Ke6 35.Bd4 Rxh2
36.Rxh2 Rg2 37.Rxg2 Bxg2 38.h4  1/2-1/2